| 000 | 01015nam0a22002771 4500 | ||
|---|---|---|---|
| 001 | rc\3947519 | ||
| 005 | 20260407070128.0 | ||
| 021 |
_aRU _b[52-7844] |
||
| 035 | _a(NLR Aleph) 008042298 | ||
| 090 |
_a8889040 _c8889040 |
||
| 100 | _a20130415d1951 |||y0rusy50 ca | ||
| 101 | 0 | _arus | |
| 102 | _aRU | ||
| 105 | _aa z ||||| | ||
| 200 | 1 |
_aТаинственный остров _f[Ил.: П.И. Луганский] |
|
| 210 |
_aПетрозаводск _cГос. изд-во Карело-Фин. ССР _d1951 |
||
| 215 |
_a600 с., 1 л. ил. _cил. _d21 |
||
| 606 |
_aПутешествия (д. л.) _2psbo |
||
| 608 |
_aПриключенческие романы и рассказы (д. л.) _2psbo |
||
| 700 | 1 |
_aВерн _bЖ. _f1828-1905 _gЖюль |
|
| 702 | 1 |
_4440 _aЛуганский _bП. И. _cхудожник _f1911-1993 _gПетр Иванович _3RU\NLR\AUTH\770127587 _9127562 |
|
| 801 | 0 |
_aRU _bNLR _gpsbo |
|
| 801 | 1 |
_aRU _bELAR _2rusmarc |
|
| 852 |
_aNLR _jЛ60 Г-3/344 |
||
| 942 | _cBOOK | ||
| 980 | _aNB | ||